000 00407cam a22001337a 4500
008 180718b1975 xxu||||| |||| 00| 0 eng d
082 _aF8x54 N164
100 _aNarayan, J....[et.al.]
245 _aTowards fair and free elections
_cby J. Narayan...[et.al.]
260 _aDelhi
_bLok Niti Parishad
_c1975
300 _a96p.
650 _aIndia --Politics and government --1947-
650 _aElections --India
999 _c349769
_d349769